Amor, poesía, sabiduría (Registro nro. 47566)

Detalles MARC
000 -ENCABEZADO
Número de control [NR] 01052nam a2200289Ia 4500
005 - FECHA Y HORA DE LA ÚLTIMA TRANSACCIÓN
control field 20211110134748.0
008 - DE LONGITUD FIJA DE DATOS DE ELEMENTOS - INFORMACIÓN GENERAL
Elementos de longitud fija [NR] 130821s1998 ck gr spa
020 ## - NUMERO INTERNACIONAL NORMALIZADO PARA LIBROS [R]
Número Internacional Normalizado del libro [NR] 9582000503
Términos de disponibilidad [NR] Colección ISBN
020 ## - NUMERO INTERNACIONAL NORMALIZADO PARA LIBROS [R]
Número Internacional Normalizado del libro [NR] 958200441x
020 ## - NUMERO INTERNACIONAL NORMALIZADO PARA LIBROS [R]
Número Internacional Normalizado del libro [NR] 9789582004415
040 ## - FUENTE DE CATALOGACION [NR]
Agencia de catalogación original [NR] Co-BoUCM
Idioma de catalogación [NR] spa
Quien Cataloga Sandra Palacio (modificó)
Quien Clasifica [Nuevo]
041 00 - CODIGO DE IDIOMA [R]
Código de idioma para texto/pista de sonido o título separado [R] Español
100 1# - ASIENTO PRINCIPAL--NOMBRE PERSONAL [NR]
Nombre personal [NR] Morin, Edgar
Fechas asociadas con el nombre [NR] 1921-
ID Autoridad 29434
245 10 - MENCION DE TITULO [NR]
Título [NR] Amor, poesía, sabiduría
Mención de responsabilidad, etc. [NR] Edgar Morin ; traducción de Sergio González Moena
250 ## - MENCION DE EDICION [NR]
Mención de edición [NR] 2a ed.
260 ## - PUBLICACION, DISTRIBUCION, ETC. (PIE DE IMPRENTA) [R]
Lugar de publicación, distribución, etc. [R] Bogotá (Colombia)
Nombre del editor, distribuidor, etc. [R] Cooperativa Editorial Magisterio
Fecha de publicación, distribución, etc. [R] 1998
300 ## - DESCRIPCION FISICA [R]
Extensión [R] 77 páginas
490 #0 - MENCION DE SERIE [R]
Mención de serie [R] Colección mesa redonda
Designación numérica/secuencial del volumen [NR] 71
650 04 - ASIENTO SECUNDARIO DE MATERIA - TERMINO TEMATICO [R]
Término temático o nombre geográfico como elemento de entrada [NR] Amor
Subdivisión de forma [R] Ensayos, conferencias, etc.
9 (RLIN) 8917
650 04 - ASIENTO SECUNDARIO DE MATERIA - TERMINO TEMATICO [R]
Término temático o nombre geográfico como elemento de entrada [NR] Conducta (Ética)
Subdivisión de forma [R] Ensayos, conferencias, etc.
9 (RLIN) 11511
650 04 - ASIENTO SECUNDARIO DE MATERIA - TERMINO TEMATICO [R]
Término temático o nombre geográfico como elemento de entrada [NR] Ética
9 (RLIN) 195
650 04 - ASIENTO SECUNDARIO DE MATERIA - TERMINO TEMATICO [R]
Término temático o nombre geográfico como elemento de entrada [NR] Poesía
Subdivisión de forma [R] Ensayos, conferencias, etc.
9 (RLIN) 21773
650 04 - ASIENTO SECUNDARIO DE MATERIA - TERMINO TEMATICO [R]
Término temático o nombre geográfico como elemento de entrada [NR] Sabiduría
Subdivisión de forma [R] Ensayos, conferencias, etc.
9 (RLIN) 23872
700 1# - ASIENTO SECUNDARIO - NOMBRE PERSONAL [R]
Nombre personal [NR] Gonzalez Moena, Sergio
9 (RLIN) 85808
942 ## - ELEMENTOS DE ENTRADA AGREGADOS (KOHA)
Tipo de ítem principal el descrito en 300a Libro
Tema principal Filosofía
Edición 2
Parte restante de la signatura top. M858a
Sistema de clasificación DEWEY
Clasificación 128.4
Existencias
Fecha de último préstamo Total préstamos Signatura topográfica Código de barras Última vez visto Volúmen / Fascículo Ejemplar Costo de reposición Price effective from Tipo de ítem Perdido Sistema de clasificación Dañado No prestable Tipo de ítem específico Suprimido Ubicación habitual Ubicación actual Localización Fecha de creación Proveedor Forma de adquisición Costo
01/09/2023 1 128.4 M858a 100152899 05/12/2025 2a.Ed. Ej.2 26000.00 04/05/2017 Libro   DEWEY     Libro   Claustro Claustro 2do piso 04/05/2017 12 Donación 0.00